| 000 | 01142nam a2200349 i 4500 | ||
|---|---|---|---|
| 001 | 000000538 | ||
| 003 | DO-SdBNP | ||
| 005 | 20260321073637.0 | ||
| 007 | ta | ||
| 008 | 081218s2000 dr 000 0 spa d | ||
| 020 | _a9993410039 | ||
| 020 | _a9789993410034 | ||
| 040 |
_aDO-SdBNP _bspa _cBNPHU _erda |
||
| 082 | 4 |
_a972.93 _bB742t, 2000 _222 |
|
| 100 | 1 |
_a Bosch, Juan, _d1909-2001 _eautor _976555 |
|
| 245 | 1 | 0 |
_aTemas históricos / _cJuan Bosch. |
| 250 | _a2a. ed. | ||
| 264 |
_aSanto Domingo : _bAlfa & Omega, _c2000. |
||
| 300 |
_avolumen ; _c21 cm. |
||
| 336 |
_2rdacontent _atexto _btxt |
||
| 337 |
_2rdamedia _asin mediación _bn |
||
| 338 |
_2rdacarrier _avolumen _bnc |
||
| 500 | _aLa biblioteca posee el v.1 | ||
| 505 | 0 |
_aArtículos sobre la historia -- _tTemas dominicanos -- _tPersonajes históricos -- _tTemas de historia general -- _tHablando del fascismo. |
|
| 590 | _aInventariado, 2020/VM | ||
| 650 | 0 |
_aPolítica mundial _91785 |
|
| 651 | 4 |
_aRepública Dominicana _xHistoria _9170 |
|
| 651 | 4 |
_aAmérica Latina _xHistoria _91786 |
|
| 910 | _aValidado. Control de calidad MFF | ||
| 942 |
_2ddc _cLBS1 |
||
| 956 | _aVMateo | ||
| 999 |
_c536 _d536 |
||